| 000 | 00780nam a2200205Ia 4500 | ||
|---|---|---|---|
| 003 | GCL | ||
| 008 | 140319s9999 xx 000 0 ara d | ||
| 040 |
_aGCL / _cGCL |
||
| 082 | 0 | 4 |
_a250 _bت ا |
| 100 | 1 | _aطه عبدالرؤف سعد (تصدير) | |
| 245 | 1 | 0 |
_aاقتضاء الصراط المستقيم : _bمخالفة اصحاب الجحيم / _cطه عبدالرؤف سعد (تصدير) |
| 700 | 1 | _aابن تيمية : تقى الدين ابوالعباس احمد بن عبدالحليم | |
| 260 |
_aالقاهرة : _bدار احياء الكتب العربية ، _c1993 |
||
| 300 |
_a408 ص ؛ _c24 سم |
||
| 490 | _a | ||
| 650 | 0 | 4 | _aالاسلام |
| 650 | 0 | 4 | _aالشريعة الاسلامية |
| 650 | 0 | 4 | _aالفقه الاسلامى |
| 942 |
_2ddc _cBK |
||
| 999 |
_c49628 _d49628 |
||